| 000 -LEADER |
| fixed length control field |
02603nam a22006497a 4500 |
| 001 - CONTROL NUMBER |
| control field |
5727181 |
| 003 - CONTROL NUMBER IDENTIFIER |
| control field |
LIBRIS |
| 005 - DATE AND TIME OF LATEST TRANSACTION |
| control field |
20241031123957.0 |
| 008 - FIXED-LENGTH DATA ELEMENTS--GENERAL INFORMATION |
| fixed length control field |
011211s1999 xxu|||||||||||000 0|eng|c |
| 020 ## - INTERNATIONAL STANDARD BOOK NUMBER |
| International Standard Book Number |
0810963922 |
| 035 ## - SYSTEM CONTROL NUMBER |
| System control number |
(Bo)295697 |
| 035 ## - SYSTEM CONTROL NUMBER |
| System control number |
(Mo)b1436521 |
| 040 ## - CATALOGING SOURCE |
| Original cataloging agency |
Q |
| Description conventions |
a |
| Language of cataloging |
eng |
| Transcribing agency |
DLC |
| 041 ## - LANGUAGE CODE |
| Language code of text/sound track or separate title |
eng |
| 080 ## - UNIVERSAL DECIMAL CLASSIFICATION NUMBER |
| Universal Decimal Classification number |
7 |
| Item number |
H-54 |
| 082 #4 - DEWEY DECIMAL CLASSIFICATION NUMBER |
| Classification number |
759.13 |
| Edition number |
21 |
| 082 #4 - DEWEY DECIMAL CLASSIFICATION NUMBER |
| Classification number |
759.13 |
| Edition number |
21 |
| 084 ## - OTHER CLASSIFICATION NUMBER |
| Classification number |
Ibz Rockwell, Norman |
| Number source |
kssb/6 |
| 084 ## - OTHER CLASSIFICATION NUMBER |
| Classification number |
Ibz Rockwell, Norman |
| Number source |
kssb/8 |
| 084 ## - OTHER CLASSIFICATION NUMBER |
| Classification number |
Lz Rockwell, Norman |
| Number source |
kssb/8 |
| 100 ## - MAIN ENTRY--PERSONAL NAME |
| 9 (RLIN) |
1048 |
| Personal name |
Hennessey, Hart. Maureen |
| 245 00 - TITLE STATEMENT |
| Title |
Norman Rockwell : |
| Remainder of title |
pictures for the American people / |
| Statement of responsibility, etc. |
/ by: Harry N. Abrams |
| 260 ## - PUBLICATION, DISTRIBUTION, ETC. |
| Place of publication, distribution, etc. |
New York |
| Name of publisher, distributor, etc. |
Harry N. Abrams |
| Date of publication, distribution, etc. |
1999 |
| 300 ## - PHYSICAL DESCRIPTION |
| Extent |
200 p. |
| Other physical details |
ill. (some col.) |
| Dimensions |
30cm |
| 340 ## - PHYSICAL MEDIUM |
| Dimensions |
30cm |
| 365 ## - TRADE PRICE |
| Price amount |
22 usd |
| 500 ## - GENERAL NOTE |
| Institution to which field applies |
Mo |
| General note |
engelska |
| 600 14 - SUBJECT ADDED ENTRY--PERSONAL NAME |
| Personal name |
Rockwell, Norman, |
| Dates associated with a name |
1894-1978 |
| General subdivision |
Criticism and interpretation |
| 600 14 - SUBJECT ADDED ENTRY--PERSONAL NAME |
| Personal name |
Rockwell, Norman |
| 600 14 - SUBJECT ADDED ENTRY--PERSONAL NAME |
| Personal name |
Rockwell, Norman |
| 650 #7 - SUBJECT ADDED ENTRY--TOPICAL TERM |
| Topical term or geographic name entry element |
Painting, American |
| Source of heading or term |
BNB |
| 650 #0 - SUBJECT ADDED ENTRY--TOPICAL TERM |
| Topical term or geographic name entry element |
Art |
| 9 (RLIN) |
447 |
| 650 #7 - SUBJECT ADDED ENTRY--TOPICAL TERM |
| Topical term or geographic name entry element |
Painting, Modern |
| Geographic subdivision |
United States |
| Chronological subdivision |
20th century |
| Source of heading or term |
BNB |
| 653 #0 - INDEX TERM--UNCONTROLLED |
| Uncontrolled term |
ხელოვნება |
| 655 #4 - INDEX TERM--GENRE/FORM |
| Authority record control number or standard number |
https://id.kb.se/marc/NotFictionNotFurtherSpecified |
| 655 #4 - INDEX TERM--GENRE/FORM |
| Institution to which field applies |
Mo |
| Genre/form data or focus term |
Bok |
| 700 1# - ADDED ENTRY--PERSONAL NAME |
| Personal name |
Knutson, Anne |
| Relator term |
unspecifiedContributor |
| Relationship |
oth |
| Authority record control number or standard number |
https://libris.kb.se/vs69dk2d42lqhz4#it |
| 887 ## - NON-MARC INFORMATION FIELD |
| Content of non-MARC field |
{"@id":"p60sr4k11tb9r1m","modified":"2018-10-30T23:00:00+01:00","checksum":"69916701639"} |
| Source of data |
librisxl |
| 887 ## - NON-MARC INFORMATION FIELD |
| Content of non-MARC field |
{"@id":"37f2gz484v0zqbs","modified":"2014-04-01T10:46:20+02:00","checksum":"69616542089"} |
| Source of data |
librisxl |
| 887 ## - NON-MARC INFORMATION FIELD |
| Content of non-MARC field |
{"@id":"djpd4d0k1n0j73b","modified":"2017-02-14T16:12:41+01:00","checksum":"65814213194"} |
| Source of data |
librisxl |
| 887 ## - NON-MARC INFORMATION FIELD |
| Content of non-MARC field |
{"@id":"7ckk39hd48bgc3l","modified":"2009-03-03T11:21:28+01:00","checksum":"85557488915"} |
| Source of data |
librisxl |
| 887 ## - NON-MARC INFORMATION FIELD |
| Content of non-MARC field |
{"@id":"48fhzv893cdh6jz","modified":"2018-06-05T10:23:37.128+02:00","checksum":"82612865972"} |
| Source of data |
librisxl |
| 887 ## - NON-MARC INFORMATION FIELD |
| Content of non-MARC field |
{"@id":"15cg6rc6011nvvk","modified":"2013-07-31T11:44:02+02:00","checksum":"69672336442"} |
| Source of data |
librisxl |
| 900 1s - EQUIVALENCE OR CROSS-REFERENCE-PERSONAL NAME [LOCAL, CANADA] |
| Linkage |
700 |
| Affiliation |
Knutson, Anne |
| 942 ## - ADDED ENTRY ELEMENTS (KOHA) |
| Source of classification or shelving scheme |
|
| Koha item type |
Books |